000 00602nam a2200229Ia 4500
005 20250425161758.0
008 250425s9999 xx 000 0 und d
020 _a9586007553
041 _aspa
082 _a658.4
100 _aBRAHAM, BARBARA J.
245 0 _aTEMAS GERENCIALES ESCOGIDOS: COMO CONTROLAR EL ESTRES Y MANTENER LA CALMA EN NEGOCIACIONES DIFICILES
250 _a1A ED.
260 _aBOGOTA
260 _aColombia
_bMCGRAW HILL
_c1997
300 _a155
650 _aADMINISTRACION DE EMPRESAS
650 _aESTRES
650 _aNEGOCIOS
942 _c01
010 _a28641
999 _c215925
_d215925